Algebre et trigonometrie cinematique : classe de mathematiques

Αποθηκεύτηκε σε:
Λεπτομέρειες βιβλιογραφικής εγγραφής
Συγγραφή απο Οργανισμό/Αρχή: Une Reunion de professeurs
Μορφή: Βιβλίο
Γλώσσα:French
Δημοσίευση: Paris : Ligel, [1962]
Θέματα:
Ετικέτες: Προσθήκη ετικέτας
Δεν υπάρχουν, Καταχωρήστε ετικέτα πρώτοι!

MARC

LEADER 00000nam a2200000 a 4500
001 1/106793
008 150608s1962####fr | ||| |||| ||fre||
040 |a GR-MyUa  |b gre  |c GR-MyUa  |e AACR2 
041 0 |a fre 
082 7 |a 510.76   |2 (23) 
110 2 |a Une Reunion de professeurs. 
245 1 0 |a Algebre et trigonometrie cinematique :   |b classe de mathematiques /   |c Une reunion de professeurs. 
260 |a Paris :   |b Ligel,   |c [1962]  
300 |a 551 σ. :   |b σχέδια ;   |c 21 εκ.  
650 0 |a Mathematics  |x Problems, exercises, etc. 
650 0 |a Algebra  |x Problems, exercises, etc. 
650 0 |a Trigonometry  |x Problems, exercises, etc. 
852 |a INST  |b SAMOS  |c MAG  |e 20150608  |h 510.76 ALG  |p 005300035332  |q 005300035332  |t BK  |y 0 
920 |a Μάγειρας   |b Παναγιώτης   |y Σάμος  |z 2008-09 
970 |a Σιτζίμη   |b Γιασεμή   |z 08/06/2015